000 00333 a2200133 4500
000 nam a22 7a 4500
100 _aMarc Peter Deisenroth
110 _aMarc Peter Deisenroth
245 _aMATHEMATICS FOR MACHINE LEARNING
250 _alatest edition
260 _bcambridge
_c2026
264 _bcambridge
_c2026
942 _cBK
999 _c397138
_d397138